| 000 | 00544nam a22001697a 4500 | ||
|---|---|---|---|
| 008 | 160321b xxu||||| |||| 00| 0 eng d | ||
| 020 | _a978-81-89922-13-9 | ||
| 082 |
_22014 _aDC 658.3125 _bAg15 |
||
| 100 |
_94003 _aAgarwal, Parul |
||
| 245 |
_aPerformance management/ _cParul Agarwal. |
||
| 260 |
_aNew Delhi, India: _bVenus Books Publishers and Distributors, _cc2014. |
||
| 300 |
_avi, 338 pages: _billustrations; _c23 cm. |
||
| 500 | _aIncludes index. | ||
| 650 | 0 |
_94004 _aPerformance management |
|
| 365 |
_b1,701.00 _cPhp |
||
| 942 |
_2ddc _cDC |
||
| 999 |
_c1347 _d1347 |
||